Formula 1 Podium 2021 - Statistics

General Stats
  • This quiz has been taken 265 times
  • The average score is 12 of 13
Answer Stats
Answer % Correct
Max Verstappen
100%
Lewis Hamilton
99%
Sergio Perez
99%
Carlos Sainz
97%
Charles Leclerc
97%
Esteban Ocon
96%
Lando Norris
96%
Valtteri Bottas
96%
Daniel Ricciardo
94%
Pierre Gasly
93%
Sebastian Vettel
92%
Fernando Alonso
90%
George Russell
89%
No matching quizzes found
Score Distribution
Percent of People with Each Score
Percentile by Number Answered
Your Score History
You have not taken this quiz